Statystyki dla top 10 najlepszych polakow

Kliknij tutaj aby rozwiązać quiz!

Ogólne statystyki

  • Ten quiz został rozwiązany 406 razy
  • Średni wynik to 4 z 15

Statystyki odpowiedzi

HintOdpowiedź% Poprawnych
2Robert Lewandowski
83%
1Jan Paweł 2
74%
4Adam Małysz
36%
8Mariusz Pudzianowski
32%
3Iga Świątek
30%
11Lech Wałęsa
22%
13Maria Skłodowska-Curie
19%
6Robert Kubica
19%
10Jarosław Kaczyński
15%
9Lech Kaczyński
15%
5Józef Piłsudzki
9%
7Adam Mickiewicz
6%
15Zenek Martyniuk
2%
14Masny Ben
1%
12Miś Wojtek
0%

Rozkład punktacji

Percentyl według liczby udzielonych odpowiedzi

Procent ludzi z każdym wynikiem

Twoja historia wyników

Nie rozwiązałeś tego quizu